La basoche (Record no. 171330)

MARC details
000 -LEADER
campo de control de longitud fija 00589nam a2200169 i 4500
001 - NÚMERO DE CONTROL
campo de control 171330
003 - IDENTIFICADOR DE NÚMERO DE CONTROL
campo de control ES-MaACL
005 - FECHA Y HORA DE LA ÚLTIMA TRANSACCIÓN
campo de control 20230906214614.0
008 - DATOS DE LONGITUD FIJA--INFORMACIÓN GENERAL
campo de control de longitud fija 090511s1900 fr |||| | fre d
080 ## - NÚMERO DE LA CLASIFICACIÓN DECIMAL UNIVERSAL
Número de la Clasificación Decimal Universal 782.6
100 1# - ENTRADA PRINCIPAL--NOMBRE DE PERSONA
Nombre de persona Carré, Albert.
9 (RLIN) 35593
245 13 - MENCIÓN DEL TÍTULO
Título La basoche
Resto del título : opéra-comique en trois actes /
Mención de responsabilidad, etc. paroles de Albert Carré ; musique de André Messager.
260 ## - PUBLICACIÓN, DISTRIBUCIÓN, ETC.
Lugar de publicación, distribución, etc. Paris :
Nombre del editor, distribuidor, etc. Choudens :
-- Calmann-Lévy,
Fecha de publicación, distribución, etc. 1900.
300 ## - DESCRIPCIÓN FÍSICA
Extensión 132 p. ;
Dimensiones 18 cm.
650 #4 - PUNTO DE ACCESO ADICIONAL DE MATERIA--TÉRMINO DE MATERIA
Término de materia o nombre geográfico como elemento de entrada Operetas-
Subdivisión de forma Libretos.
9 (RLIN) 139352
852 4# - LOCALIZACIÓN
Ubicación ES-MaACL
Número de control de estantería E-12637
itemnumber R.140194
Nota libre . - Biblioteca Jacinto Martínez Lacalle
Holdings
Estatus retirado Estado de pérdida Estado de daño No para préstamo Colección Biblioteca de origen Biblioteca actual Ubicación en estantería Fecha de adquisición Fuente de adquisición Total de préstamos Signatura topográfica completa Código de barras Visto por última vez Precio de reemplazo Tipo de ítem Koha
        Libros del s. XIX Biblioteca del Ateneo de Madrid Biblioteca del Ateneo de Madrid Depósito 2 11/05/2009     E-12637 1179801 23/02/2023 23/02/2023 Libro impreso antiguo